Электродиализ в технологии сорбционной очистки сточных вод от анионного ПАВ - некаля; Химия и химическая технология в XXI веке; Т. 2
| Parent link: | Химия и химическая технология в XXI веке: материалы XII Всероссийской научно-практической конференции студентов и молодых ученых с международным участием, Томск, 11-13 мая 2011 г./ Национальный исследовательский Томский политехнический университет (ТПУ), Институт природных ресурсов (ИПР).— , 2011 Т. 2.— 2011.— [С. 168-169] |
|---|---|
| Yazar: | |
| Diğer Yazarlar: | |
| Özet: | Заглавие с титульного листа Электронная версия печатной публикации |
| Dil: | Rusça |
| Baskı/Yayın Bilgisi: |
2011
|
| Seri Bilgileri: | Секция 6. Охрана окружающей среды и экология Homo Sapiens |
| Konular: | |
| Online Erişim: | http://www.lib.tpu.ru/fulltext/v/Conferences/2011/C6/C6a85.pdf |
| Materyal Türü: | Elektronik Kitap Bölümü |
| KOHA link: | https://koha.lib.tpu.ru/cgi-bin/koha/opac-detail.pl?biblionumber=216302 |
MARC
| LEADER | 00000naa2a2200000 4500 | ||
|---|---|---|---|
| 001 | 216302 | ||
| 005 | 20260105170016.0 | ||
| 035 | |a (RuTPU)RU\TPU\book\236271 | ||
| 035 | |a RU\TPU\book\236270 | ||
| 090 | |a 216302 | ||
| 100 | |a 20120523d2011 k y0rusy50 ca | ||
| 101 | 0 | |a rus | |
| 102 | |a RU | ||
| 135 | |a drnn ---uucaa | ||
| 181 | 0 | |a i | |
| 182 | 0 | |a b | |
| 200 | 1 | |a Электродиализ в технологии сорбционной очистки сточных вод от анионного ПАВ - некаля |f О. В. Куренкова |g науч. рук. Г. В. Славинская | |
| 203 | |a Текст |c электронный | ||
| 215 | |a 1 файл (553 Кб) | ||
| 225 | 1 | |a Секция 6. Охрана окружающей среды и экология Homo Sapiens | |
| 300 | |a Заглавие с титульного листа | ||
| 300 | |a Электронная версия печатной публикации | ||
| 337 | |a Adobe Reader | ||
| 461 | 1 | |0 (RuTPU)RU\TPU\book\218704 |t Химия и химическая технология в XXI веке |o материалы XII Всероссийской научно-практической конференции студентов и молодых ученых с международным участием, Томск, 11-13 мая 2011 г. |o в 2 т. |f Национальный исследовательский Томский политехнический университет (ТПУ), Институт природных ресурсов (ИПР) |d 2011 | |
| 463 | 1 | |0 (RuTPU)RU\TPU\book\218881 |t Т. 2 |v [С. 168-169] |d 2011 | |
| 610 | 1 | |a сточные воды | |
| 610 | 1 | |a сорбционная очистка | |
| 610 | 1 | |a методы | |
| 610 | 1 | |a электродиализ | |
| 610 | 1 | |a ПАВ | |
| 610 | 1 | |a поверхностно-активные вещества | |
| 610 | 1 | |a некаль | |
| 610 | 1 | |a анионы | |
| 610 | 1 | |a сорбция | |
| 610 | 1 | |a электронный ресурс | |
| 700 | 1 | |a Куренкова |b О. В. | |
| 702 | 1 | |a Славинская |b Г. В. |4 727 | |
| 801 | 1 | |a RU |b 63413507 |c 20120118 | |
| 801 | 2 | |a RU |b 63413507 |c 20130218 |g RCR | |
| 856 | 4 | |u http://www.lib.tpu.ru/fulltext/v/Conferences/2011/C6/C6a85.pdf | |
| 942 | |c CF | ||